Zara Larsson - Ain't My Fault (Lyrics) - Statistics

General Stats
  • This quiz has been taken 28 times
  • The average score is 394 of 495
Answer Stats
Answer % Correct
a
100%
ain't
100%
Ain't
100%
fault
100%
fault)
100%
got,
100%
got
100%
Got
100%
I
100%
I-I-I-I
100%
It
100%
it,
100%
(it
100%
it
100%
me
100%
my,
100%
my
100%
so
100%
So,
100%
you
100%
You
100%
can't
95%
on
95%
in
91%
No,
91%
no
91%
No-oh-oh,
91%
no-oh-oh,
91%
Oh
91%
oh
91%
that
91%
your
91%
Your
91%
an
86%
keep
86%
now
86%
right
86%
talk
86%
the
86%
you're
86%
you're-'re-'re-'re
86%
and
82%
And
82%
be
82%
for
82%
if
82%
If
82%
one
82%
one,
82%
See,
82%
see
82%
turnin'
82%
all
77%
eyes
77%
get
77%
god,
77%
hold
77%
I'm
77%
responsible
77%
responsible,
77%
Then
77%
what
77%
when
77%
where
77%
Baby,
73%
don't
73%
hands
73%
insist
73%
is
73%
look
73%
Please
73%
this?
73%
to
73%
too
73%
who's
73%
business
68%
ever
68%
gone
68%
happens
68%
hot
68%
it's
68%
It's
68%
like
68%
put
68%
that's
68%
trouble
68%
Want
68%
Yeah,
68%
blame
64%
lookin'
64%
next
64%
sure
64%
alone
59%
bad
59%
bad,
59%
Body
59%
just
59%
lap
59%
not
59%
than
59%
ya
59%
hotter
55%
leavin'
55%
wanna
55%
boy
50%
but
50%
But
50%
callin'
50%
came
50%
good
50%
mean
50%
rude,
50%
three
50%
time
50%
body's
45%
here
45%
I'd
45%
irresistible
45%
(nope,
45%
nope,
45%
nope)
45%
outside
45%
two,
45%
Uber
45%
with
45%
damn
41%
know
41%
seein'
41%
smooth
41%
sun
41%
trip,
41%
called
36%
Even
36%
exactly
36%
gotta
36%
land
36%
made
36%
shocked
36%
fall,
32%
kinda
32%
stop
32%
Couldn't
27%
feelin'
27%
name,
27%
Well,
27%
light
23%
Missed
23%
sign"
23%
wanted,
23%
"What's
23%
at
18%
Certain
18%
wherever
18%
No matching quizzes found
Score Distribution
Percent of People with Each Score
Percentile by Number Answered
Your Score History
You have not taken this quiz